<?xml version="1.0" encoding="UTF-8"?><?xml-stylesheet type="text/xsl" href="static/style.xsl"?><OAI-PMH xmlns="http://www.openarchives.org/OAI/2.0/" xmlns:xsi="http://www.w3.org/2001/XMLSchema-instance" xsi:schemaLocation="http://www.openarchives.org/OAI/2.0/ http://www.openarchives.org/OAI/2.0/OAI-PMH.xsd"><responseDate>2026-04-26T21:57:14Z</responseDate><request verb="GetRecord" identifier="oai:uvadoc.uva.es:10324/48055" metadataPrefix="marc">https://uvadoc.uva.es/oai/request</request><GetRecord><record><header><identifier>oai:uvadoc.uva.es:10324/48055</identifier><datestamp>2021-08-25T20:51:46Z</datestamp><setSpec>com_10324_38</setSpec><setSpec>col_10324_852</setSpec></header><metadata><record xmlns="http://www.loc.gov/MARC21/slim" xmlns:doc="http://www.lyncode.com/xoai" xmlns:xsi="http://www.w3.org/2001/XMLSchema-instance" xmlns:dcterms="http://purl.org/dc/terms/" xsi:schemaLocation="http://www.loc.gov/MARC21/slim http://www.loc.gov/standards/marcxml/schema/MARC21slim.xsd">
<leader>00925njm 22002777a 4500</leader>
<datafield tag="042" ind1=" " ind2=" ">
<subfield code="a">dc</subfield>
</datafield>
<datafield tag="720" ind1=" " ind2=" ">
<subfield code="a">Robledo Martín, Carlos</subfield>
<subfield code="e">author</subfield>
</datafield>
<datafield tag="260" ind1=" " ind2=" ">
<subfield code="c">2021</subfield>
</datafield>
<datafield tag="520" ind1=" " ind2=" ">
<subfield code="a">El presente trabajo finn de grado se realiza en torno al proyecto de la construcción de un robot 3RRR planar, en concreto, la realización de un mecanismo que permita a la plataforma del robot adquirir la capacidad de elevar y manipular cargas.&#xd;
Para la construcción del mismo se empleará como método estándar de fabricaci&#xd;
ón la impresión tridimensional empleando la técnica " Fused Deposition&#xd;
Modelling ".(FDM).&#xd;
Palabras clave:</subfield>
</datafield>
<datafield tag="520" ind1=" " ind2=" ">
<subfield code="a">The following final undergraduate project develops around a 3RRR planar&#xd;
robot construction project, in particular, the development of a mechanism that&#xd;
allows a robot's platform to aquire the capacity to elevate and manipulate&#xd;
loads.&#xd;
The standard fabrication method for the construction will be tridimentional&#xd;
printing using the Fused Deposition Modelling (FDM) technique.</subfield>
</datafield>
<datafield tag="024" ind2=" " ind1="8">
<subfield code="a">https://uvadoc.uva.es/handle/10324/48055</subfield>
</datafield>
<datafield tag="245" ind1="0" ind2="0">
<subfield code="a">Diseño mecánico de un grado de libertad extra para un robot SCARA paralelo 3RRR</subfield>
</datafield>
</record></metadata></record></GetRecord></OAI-PMH>